Champions League Topscorer 1996/97 - Statistiken

Allgemein
  • Dieses Quiz wurde 14 mal gespielt
  • Das Durchschnittsergebnis liegt bei 7 aus 19
Antwortstatistiken
Rang Nation Verein Tore Antwort % Korrekt
2 Italien Juventus 4 Alessandro del Piero
100%
12 Liberia AC Milan 3 George Weah
93%
12 Frankreich Manchester United 3 Eric Cantona
86%
2 Deutschland BVB 4 Lars Ricken
86%
12 Schweiz BVB 3 Stephane Chapuisat
79%
2 Deutschland BVB 4 Karl-Heinz Riedle
64%
2 Italien Juventus 4 Christian Vieri
43%
2 Argentinien Atletico Madrid 4 Diego Simeone
36%
2 Kroatien Juventus 4 Alek Boksic
14%
12 Portugal Ajax 3 Dani
14%
2 Brasilien FC Porto 4 Jardel
14%
12 Deutschland BVB 3 Heiko Herrlich
7%
2 Italien AC Milan 4 Marco Simone
7%
1 Serbien Atlerico Madrid 5 Milinko Pantic
7%
2 Italien Juventus 4 Nicola Amoruso
7%
12 Nigeria Ajax 3 Tijjani Babangida
7%
2 Brasilien FC Porto 4 Artur
0%
12 Argentinien Atletico Madrid 3 Juan Esnalder
0%
12 Frankreich AJ Auxerre 3 Thomas Deniaud
0%
Keine übereinstimmenden Quizze gefunden
Verteilung der Resultate
Anzahl Personen mit jedem Resultat
Perzentil nach korrekt beantworteten Fragen
Ihre Resultats-Entwicklung
Sie haben dieses Quiz noch nicht gespielt